| 000 | 00467nam a2200169 a 4500 | ||
|---|---|---|---|
| 005 | 20140412111327.0 | ||
| 008 | 110128s19uu xx 00 eng d | ||
| 020 | _a0-8120-3567-4 | ||
| 050 |
_aTR(GS 612.88 _bTo55 1985 |
||
| 100 | _aRius, Maria | ||
| 245 |
_aThe Five senses / _cMaria Rius. |
||
| 260 |
_aNew York : _bBarron's. |
||
| 300 | _aunp. | ||
| 520 | _aA short scientific explanation of our sense of touch. | ||
| 650 | _aTouch -- senses | ||
| 999 |
_c104710 _d104710 |
||